00317nam a2200121Ia 4500008004100000041000800041082001500049100001900064245004500083260002500128300003100153365001100184240624s9999 xx 000 0 und d aeng a302.35 GUR aGUREJA GOPAL K aORGANIZATIONAL SCHIZOPHRENIA IMPACT ON C c2013aNw DelhibSage axxx, : 346 : p. : cm. ; 23 cRSb38